Hoppus's tables for measuring, or, Practical measuring made easy (Record no. 113873)

MARC details
000 -LEADER
fixed length control field 00684cam a22001935a 4500
001 - CONTROL NUMBER
control field L155850
008 - FIXED-LENGTH DATA ELEMENTS--GENERAL INFORMATION
fixed length control field 120418s1837 xxk f 000 0 eng d
035 ## - SYSTEM CONTROL NUMBER
System control number (Sirsi) u155850
041 0# - LANGUAGE CODE
Language code of text/sound track or separate title eng
100 1# - MAIN ENTRY--PERSONAL NAME
Personal name Hoppus, E.
Fuller form of name (Edward)
Dates associated with a name d. 1739
245 00 - TITLE STATEMENT
Title Hoppus's tables for measuring, or, Practical measuring made easy
Remainder of title by a new set of tables ...
250 ## - EDITION STATEMENT
Edition statement New ed., greatly improved and stereotyped
260 ## - PUBLICATION, DISTRIBUTION, ETC.
Place of publication, distribution, etc. London
Name of publisher, distributor, etc. Printed for Longman and Co. [etc.]
Date of publication, distribution, etc. 1837
300 ## - PHYSICAL DESCRIPTION
Extent lx, 226 p., [1] folded leaf of plates
Other physical details ill.
Dimensions 22 x 9 cm
583 ## - ACTION NOTE
Action Condition reviewed
Time/date of action 20120620
Status condition level 1
651 #4 - SUBJECT ADDED ENTRY--GEOGRAPHIC NAME
Geographic name Great Britain
Chronological subdivision 1707-
690 ## - LOCAL SUBJECT ADDED ENTRY--TOPICAL TERM (OCLC, RLIN)
Topical term or geographic name as entry element Measurement
9 (RLIN) 6256
942 ## - ADDED ENTRY ELEMENTS (KOHA)
Suppress in OPAC 0
Holdings
Withdrawn status Lost status Source of classification or shelving scheme Damaged status Not for loan Home library Current library Shelving location Date acquired Total Checkouts Full call number Barcode Date last seen Copy number Price effective from Koha item type
    Dewey Decimal Classification     Historic collection Historic collection Historic collection 18/04/2012   OCTAVO 1837 HOPPUS 30076739 06/08/2019 2 06/08/2019 Book